Lasers and optical fibre communications / (Record no. 13171)
[ view plain ]
| 000 -LEADER | |
|---|---|
| fixed length control field | 00396cam a2200145ua 4500 |
| 003 - CONTROL NUMBER IDENTIFIER | |
| control field | OSt |
| 008 - FIXED-LENGTH DATA ELEMENTS--GENERAL INFORMATION | |
| fixed length control field | 241231b |||||||| |||| 00| 0 eng d |
| 020 ## - INTERNATIONAL STANDARD BOOK NUMBER | |
| ISBN | 9788189866587 |
| 082 ## - DEWEY DECIMAL CLASSIFICATION NUMBER | |
| Classification number | 621.366 |
| Item number | SAR/LA |
| 100 ## - MAIN ENTRY--AUTHOR NAME | |
| Personal name | Sarah, P . |
| 245 ## - TITLE STATEMENT | |
| Title | Lasers and optical fibre communications / |
| 260 ## - PUBLICATION, DISTRIBUTION, ETC. (IMPRINT) | |
| Place of publication | New Delhi : |
| Name of publisher | I.K International Publishing House , |
| Year of publication | 2008. |
| 300 ## - PHYSICAL DESCRIPTION | |
| Number of Pages | 278 ; . |
| 942 ## - ADDED ENTRY ELEMENTS (KOHA) | |
| Koha item type | Books |
| Withdrawn status | Lost status | Damaged status | Home library | Current library | Date acquired | Full call number | Accession Number | Koha item type | Collection code | Shelving location | Source of acquisition | Cost, normal purchase price |
|---|---|---|---|---|---|---|---|---|---|---|---|---|
| KAUAET | KAUAET | 07/04/2012 | 621.366 SAR/LA | 21503 | Books | |||||||
| KAUAET | KAUAET | 31/03/2012 | 621.366 SAR/LA | 22372 | Books | Non-fiction | General Stacks | Cosmo Books, Calicut | 225.00 |
